Applied underwater acoustics /

Applied Underwater Acoustics meets the needs of scientists and engineers working in underwater acoustics and graduate students solving problems in, and preparing theses on, topics in underwater acoustics. The book is structured to provide the basis for rapidly assimilating the essential underwater a...

Full description

Bibliographic Details
Main Author: Bjørnø, Leif (Author)
Corporate Author: ScienceDirect (Online service)
Other Authors: Neighbors, Thomas (Editor), Bradley, David (Editor)
Format: eBook
Language:English
Published: Amsterdam, Netherlands : Elsevier, 2017.
Subjects:
Online Access:Connect to the full text of this electronic book

MARC

Tag First Indicator Second Indicator Subfields
LEADER 00000cam a2200000 i 4500
001 in00005761421
005 20260327151427.2
006 m o d
007 cr cnu|||unuuu
008 170126s2017 ne a ob 001 0 eng d
010 |a  2017446879 
040 |a N$T  |b eng  |e rda  |e pn  |c N$T  |d N$T  |d OPELS  |d YDX  |d IDEBK  |d UAB  |d MERER  |d GZM  |d OCLCF  |d ESU  |d STF  |d OCLCQ  |d COO  |d VGM  |d OTZ  |d OCLCQ  |d D6H  |d U3W  |d OCLCQ  |d WYU  |d OCLCQ  |d LQU  |d S2H  |d OCLCO  |d OCL  |d VT2  |d OCLCO  |d ORMDA  |d WAU  |d OCLCQ  |d SFB  |d OCLCO  |d OCLCQ  |d UKKRT  |d OCLCQ  |d OCLCO  |d OCLCL  |d SXB  |d OCLCQ 
019 |a 970384181  |a 970610160  |a 970753072  |a 971048143  |a 1066622980  |a 1105171731  |a 1105569246  |a 1235825715 
020 |a 9780128112472  |q (electronic bk.) 
020 |a 0128112476  |q (electronic bk.) 
020 |z 9780128112403 
020 |z 0128112409  |q (pbk.) 
035 |a (OCoLC)970041793  |z (OCoLC)970384181  |z (OCoLC)970610160  |z (OCoLC)970753072  |z (OCoLC)971048143  |z (OCoLC)1066622980  |z (OCoLC)1105171731  |z (OCoLC)1105569246  |z (OCoLC)1235825715 
037 |a 9780128112472  |b O'Reilly Media 
050 4 |a QC242.2 
072 7 |a TEC  |x 009000  |2 bisacsh 
072 7 |a TEC  |x 035000  |2 bisacsh 
082 0 4 |a 620.25  |2 23 
049 |a TXAM 
100 1 |a Bjørnø, Leif,  |e author.  |1 https://id.oclc.org/worldcat/entity/E39PBJrcfQT6QRthdxKCqMcXVC 
245 1 0 |a Applied underwater acoustics /  |c Leif Bjørnø ; edited by Thomas H. Neighbors, David Bradley. 
264 1 |a Amsterdam, Netherlands :  |b Elsevier,  |c 2017. 
300 |a 1 online resource (xv, 964 pages) :  |b illustrations 
336 |a text  |b txt  |2 rdacontent 
337 |a computer  |b c  |2 rdamedia 
338 |a online resource  |b cr  |2 rdacarrier 
588 0 |a Vendor-supplied metadata. 
504 |a Includes bibliographical references and index. 
520 |a Applied Underwater Acoustics meets the needs of scientists and engineers working in underwater acoustics and graduate students solving problems in, and preparing theses on, topics in underwater acoustics. The book is structured to provide the basis for rapidly assimilating the essential underwater acoustic knowledge base for practical application to daily research and analysis. Each chapter of the book is self-supporting and focuses on a single topic and its relation to underwater acoustics. The chapters start with a brief description of the topic's physical background, necessary definitions, and a short description of the applications, along with a roadmap to the chapter. The subtopics covered within individual subchapters include most frequently used equations that describe the topic. Equations are not derived, rather, assumptions behind equations and limitations on the applications of each equation are emphasized. Figures, tables, and illustrations related to the sub-topic are presented in an easy-to-use manner, and examples on the use of the equations, including appropriate figures and tables are also included. Provides a complete and up-to-date treatment of all major subjects of underwater acoustics Presents chapters written by recognized experts in their individual field Covers the fundamental knowledge scientists and engineers need to solve problems in underwater acoustics Illuminates, in shorter sub-chapters, the modern applications of underwater acoustics that are described in worked examples Demands no prior knowledge of underwater acoustics, and the physical principles and mathematics are designed to be readily understood by scientists, engineers, and graduate students of underwater acoustics Includes a comprehensive list of literature references for each chapter. 
650 0 |a Underwater acoustics. 
650 0 |a Waves. 
650 0 |a Ambient sounds. 
650 6 |a Acoustique sous-marine. 
650 6 |a Ondes. 
650 6 |a Sons ambiants. 
650 7 |a TECHNOLOGY & ENGINEERING  |x Engineering (General)  |2 bisacsh 
650 7 |a TECHNOLOGY & ENGINEERING  |x Reference.  |2 bisacsh 
650 7 |a Ambient sounds  |2 fast 
650 7 |a Underwater acoustics  |2 fast 
650 7 |a Waves  |2 fast 
655 7 |a Electronic books.  |2 local 
655 7 |a Ambient sounds  |2 fast 
655 7 |a Ambient sounds.  |2 lcgft 
700 1 |a Neighbors, Thomas,  |e editor. 
700 1 |a Bradley, David,  |e editor. 
710 2 |a ScienceDirect (Online service) 
856 4 0 |u http://proxy.library.tamu.edu/login?url=https://www.sciencedirect.com/science/book/9780128112403  |z Connect to the full text of this electronic book  |t 0 
955 |a Elsevier ScienceDirect 2026-2027 
955 |a Safari/O'Reilly ebooks 
994 |a 92  |b TXA 
999 f f |i e982afe5-f81a-437e-8b90-af5df85f8f6d  |s 36f4bb58-dcbb-4c92-a358-153e8d595bfe  |t 0 
952 f f |a Texas A&M University  |b College Station  |c Electronic Resources  |s www_evans  |d Available Online  |t 0  |e QC242.2   |h Library of Congress classification 
998 f f |a QC242.2   |t 0  |l Available Online